000 00866cab a2200265 4500
001 WB2913-68
008 090401t xxu||||| |||| 00| 0 eng d
035 _a(Sirsi) u42171
041 _aeng
245 _aThree enterprise zones promised
260 _c(234) 29 March 1993(4)
350 _a0
490 _aGuardian
_v30 March 1993, 1
490 _aAction for Cities News Release
_v(234) 29 March 1993(4)
520 _aThe Government proposes to establish enterprise zones if unemployment escalates after pit closures in Easington, Durham, the Dearne Valley, South Yorkshire and Mansfield, Nottinghamshire.
650 _aCOAL MINING AREAS
650 _aENERGY POLICY
650 _aENTERPRISE ZONES
650 _aPIT CLOSURES
650 _aUNEMPLOYMENT
690 _aMINING AND MINERALS
690 _aURBAN RENEWAL
942 _n0
948 _c04/03/1997
999 _c27091
_d27091